00691nam a2200241 a 4500001001300000003000900013005001700022008004100039020001000080082001900090100001900109245003000128260004200158300000800200500003500208505001000243650002500253700001900278902000800297942000700305952012000312999001700432nice12345678IN_TiNIC20260116014245.0050524s2004 dela grp 000 0 eng  ac10000a954.0072bTHA2 aThapar, Romila aFuture of the Indian Past aDelhibInst. of Social Sciencesc2004 a51p aincludes index and biblioraphy2 aIndex aIndia-Historiography1 aThapar, Romila bSRS cBK 001040708StackRoom-aHMIbHMId2007-04-03g100.00l0o954.0072 THA2p020875r2007-04-03v100.00w2005-05-24yBK c14543d14543